000 00672nam a22001697a 4500
999 _c16423
_d16423
008 220211b ||||| |||| 00| 0 eng d
020 _a978-9-71961799-0 (paperback)
082 _22016
_aDFil 363.2068
_bP132
100 _aPadduyao, Fernando B., author.
_943895
245 _aPolice organization and administration :
_blaw enforcement administration 1 /
_cFernando B. Padduyao.
260 _aQuezon City :
_bWiseman's Books Trading,
_c[2016].
300 _aiv, 301 pages :
_billustrations ;
_c23 cm.
500 _aIncludes bibliographical references.
650 _aPolice administration.
_943896
650 _aLaw enforcement -- Philippines.
_943897
942 _2ddc
_cDFIL